000 00601nam a2200169 a 4500
001 000008134
005 20200929154441.0
008 090915s1985 dr r 000 0 spa d
040 _aDO-SdBNP
_bspa
_cBNPHU
082 _a637.1
_bC764l
100 1 _aContreras, Cesáreo
_922077
245 1 0 _aLiquidación de las lecherías :
_bpolítica gubernamental /
_cCesáreo Contreras.
260 _aSanto Domingo, :
_bCorripio,
_c1985.
300 _a162 p. ;
_c23 cm.
650 4 _aIndustria lechera
_zRepública Dominicana
_922078
650 4 _aIndustria lechera
_xControl de la produccion
_zRepública Dominicana
_922079
999 _c7911
_d7911